| 000 | 00853nam a2200277Ia 4500 | ||
|---|---|---|---|
| 001 | 3285 | ||
| 008 | 230305s2020 xx 000 0 und d | ||
| 020 | _a9781951949051 | ||
| 040 | _ctbs | ||
| 041 | _aeng | ||
| 043 | _aen_UK | ||
| 245 | 0 | _aConversational Chinese dialogues | |
| 260 |
_bLingo Mastery, _c2020 |
||
| 300 | _a331 pages ; 25 cm | ||
| 490 |
_aConversational Chinese Dual Language Books; _v1 |
||
| 500 | _aover 100 Chinese conversations and short stories | ||
| 650 | 0 |
_aChinese language _xStudy and teaching _xEnglish speakers _913573 |
|
| 650 | 0 |
_aChinese language _xConversation and phrase books _xEnglish _913574 |
|
| 650 |
_aMandarin language materials _x Bilingual _913575 |
||
| 650 |
_aChinese language _913570 |
||
| 700 |
_aTouri (Firm), _eAutor _922254 |
||
| 902 | _a1640 | ||
| 905 | _am | ||
| 942 |
_a1 _2ddc |
||
| 999 |
_c3119 _d3119 |
||